00681cam a22002291 450000100060000000300080000600500170001400800390003103500190007003500180008904000260010704100080013308200180014110000230015924500940018226000400027630000360031650400200035265000130037265000320038570000340041721543BD-RjUL20211209000711.0140304s1954 maua 001 0 eng a(BD-RjUL)21607 a(OCoLC)361929 aDLCcOOdBD-RjULbeng aeng00a808bHAR 19541 aHayford, Harrison,10aReader and writer /cHarrison Hayford and Howard P. Vincent. With drawings by W.B. Scott. aBoston :bHoughton Mifflin,cc1954. axii, 596 p. :billus. ;c25 cm. aIncludes index. 0aReaders. 0aEnglish languagexRhetoric.1 aVincent, Howard Paton,d1904-